Rasčet chimičeskich ravnovesij v rastvore /

Uložené v:
Podrobná bibliografia
Hlavný autor: Bugajevskij, Aleksandr Anatol´jevič (Author)
Médium: Kniha
Jazyk:Russian
Vydané: Charkov : Višša škola, 1980.
Vydanie:1. izd.
ISBN: (viaz.)
Fyzický popis: 134 s.
Tagy: Pridať tag
Žiadne tagy, Buďte prvý kto otaguje tento záznam!

MARC

LEADER 00000nam a2200000 a 4500
001 000150430
005 20091122150836.0
008 040101s1980 un e rus d
020 |a (viaz.) 
040 |a SVKKK  |b slo  |c SVKKK  |e AACR2 
041 0 |a rus 
044 |a un  |c UA 
100 1 |a Bugajevskij, Aleksandr Anatol´jevič  |4 aut 
245 1 0 |a Rasčet chimičeskich ravnovesij v rastvore /  |c Aleksandr Anatol´jevič Bugajevskij. 
250 |a 1. izd. 
260 |a Charkov :  |b Višša škola,  |c 1980. 
300 |a 134 s. 
910 |a svkkk 
998 |a BK 
090 |g SCKHL  |k Sklad Pribinova 2. posch.  |a II.262730  |j 629943  |i 150430-10  |s Absenčne